Statistics for Ultimate Strictly Come Dancing Celebrities

Click here to take the quiz!

General Stats

  • This quiz has been taken 2,094 times
    (1,989 since last reset)
  • The average score is 106 of 192

Answer Stats

SeriesAnswer% Correct
7Jo Wood
91%
8Ann Widdecombe
83%
7Chris Hollins
82%
5John Barnes
81%
6John Sargeant
81%
10Louis Smith
81%
13Carol Kirkwood
79%
4Carol Smillie
79%
2Carol Vorderman
79%
11Mark Benton
79%
6Mark Foster
79%
4Mark Ramprakash
79%
12Mark Wright
79%
12Thom Evans
79%
1David Dickinson
78%
9Dan Lobb
77%
9Harry Judd
77%
1Natasha Kaplinsky
76%
6Tom Chambers
75%
14Ed Balls
73%
13Peter Andre
73%
4Peter Schmeichel
73%
8Peter Shilton
73%
8Matt Baker
72%
4Matt Dawson
72%
5Matt Di Angelo
72%
8Paul Daniels
72%
2Jill Halfpenny
71%
7Joe Calzaghe
71%
7Ali Bastian
70%
3Will Thorp
70%
14Will Young
70%
3Darren Gough
68%
3James Martin
68%
11Rachel Riley
68%
6Rachel Stevens
68%
12Caroline Flack
67%
14Robert Rinder
66%
9Alex Jones
65%
3Colin Jackson
65%
10Colin Salmon
65%
10Dani Harmer
65%
13Jay McGuinness
65%
14Louise Redknapp
65%
3Zoe Ball
65%
7Zoe Lucker
65%
5Kate Garraway
64%
10Lisa Riley
64%
6Lisa Snowdon
64%
11Ben Cohen
63%
3Bill Turnbull
63%
14Greg Rutherford
63%
5Kelly Brook
63%
14Ore Oduba
63%
14Danny Mac
62%
2Denise Lewis
62%
10Denise Van Outen
62%
4Emma Bunton
62%
1Lesley Garrett
62%
14Lesley Joseph
62%
10Michael Vaughan
62%
11Abbey Clancey
61%
10Richard Arnold
61%
7Richard Dunwoody
61%
12Steve Backshall
61%
5Alesha Dixon
60%
1Christopher Parker
60%
12Frankie Bridge
60%
12Jake Wood
60%
9Jason Donovan
60%
1Jason Wood
60%
1Martin Offiah
60%
6Phil Daniels
60%
7Phil Tufnell
60%
6Andrew Castle
59%
13Katie Derham
59%
12Alison Hammond
58%
7Natalie Cassidy
58%
11Natalie Gumede
58%
2Sarah Manners
58%
12Simon Webbe
58%
4Claire King
57%
1Claire Sweeney
57%
11Dave Myers
57%
11Fiona Fullerton
57%
3Fiona Phillips
57%
6Gary Rhodes
57%
13Helen George
57%
12Judy Murray
57%
8Kara Tointon
57%
14Laura Whitmore
57%
11Susanna Reid
57%
10Victoria Pendleton
57%
13Georgia May Foote
56%
12Tim Wannacott
56%
13Daniel O'Donnell
55%
9Anita Dobson
54%
13Anita Rani
54%
14Claudia Fragapane
54%
9Nancy Dell'Olio
54%
5Brian Capron
53%
5Gabby Logan
53%
4Jan Ravens
53%
8Jimi Mistry
53%
4Louisa Lytton
53%
8Patsy Kensit
53%
3Patsy Palmer
53%
14Daisy Lowe
52%
13Anthony Ogogo
51%
9Chelsee Healey
51%
3Dennis Taylor
51%
10Johnny Ball
51%
13Kellie Bright
51%
10Kimberley Walsh
51%
8Michelle Williams
51%
6Don Warrington
50%
4Jimmy Tarbuck
50%
2Julian Clary
50%
5Kenny Logan
50%
9Robbie Savage
50%
11Sophie Ellis-Bextor
50%
11Tony Jacklin
50%
13Jeremy Vine
49%
8Scott Maslen
49%
12Scott Mills
49%
13Ainsley Harriott
48%
11Ashley Taylor Dawson
48%
6Austin Healey
48%
7Lynda Bellingham
48%
14Naga Munchetty
48%
2Quentin Willson
48%
9Russell Grant
48%
6Christine Bleakley
47%
2Esther Rantzen
47%
8Pamela Stephenson
47%
5Penny Lancaster
47%
12Pixie Lott
47%
7Ricky Groves
47%
7Ricky Whittle
47%
14Anastacia
46%
9Holly Valance
46%
9Edwina Currie
45%
10Fern Britton
45%
5Willie Thorne
45%
2Aled Jones
44%
8Felicity Kendal
44%
6Gillian Taylforth
44%
12Jennifer Gibney
44%
9Lulu
44%
14Melvin Odoom
44%
10Sid Owen
44%
8Tina O'Brien
44%
11Deborah Meaden
43%
8Gavin Henson
43%
10Nicky Byrne
43%
5Stephanie Beacham
43%
11Vanessa Feltz
43%
13Iwan Thomas
42%
7Jade Johnson
42%
10Jerry Hall
42%
5Gethin Jones
41%
7Martina Hingis
41%
2Roger Black
41%
4Georgina Bouzova
40%
12Gregg Wallace
40%
13Jamelia
40%
13Kirsty Gallacher
40%
1Verona Joseph
40%
5Dominic Littlewood
39%
11Julien Macdonald
39%
4Nicholas Owen
39%
4Ray Fearon
39%
14Tameka Empson
39%
3Gloria Hunniford
38%
6Heather Small
38%
6Jessie Wallace
38%
6Jodie Kidd
38%
7Laila Rouass
38%
9Audley Harrison
37%
4DJ Spoony
37%
8Goldie
37%
11Patrick Robinson
37%
7Rav Wilding
36%
12Sunetra Sarker
35%
4Mica Paris
34%
3Siobhan Hayes
34%
2Diarmuid Gavin
33%
3Jaye Jacobs
33%
6Cherie Lunghi
31%
7Craig Kelly
31%
5Letitia Dean
27%
9Rory Bremner
27%

Score Distribution

Percentile by Number Answered

Percent of People with Each Score

Your Score History

You have not taken this quiz since the last reset